[Event "GER-chT U20 Girls"]
[Site "Hamburg"]
[Date "2001.12.27"]
[Round "3.4"]
[White "Voorgang, Lena"]
[Black "Nastold, Friederike"]
[Result "1/2-1/2"]
[WhiteElo "100"]
[BlackElo "100"]
[PlyCount "67"]
[EventDate "2001.12.??"]
[EventType "team"]
[EventRounds "7"]
[EventCountry "GER"]
[SourceTitle "EXT 2003"]
[Source "ChessBase"]
[SourceDate "2002.11.25"]
[SourceVersion "1"]
[SourceVersionDate "2002.11.25"]
[SourceQuality "1"]

1. e4 e5 2. Nf3 Nc6 3. Bb5 a6 4. Bxc6 dxc6 5. Nxe5 Nf6 6. Nc3 Bd6 7. Nf3 0-0 8. d3 Bb4 9. Bd2 Bg4 10. h3 Bxf3 11. Qxf3 Nd7 12. 0-0 Ne5 13. Qg3 Bd6 14. Bf4 Ng6 15. Bxd6 cxd6 16. Rfe1 d5 17. Rad1 Re8 18. a3 Qb6 19. Na4 Qb5 20. b3 Qa5 21. e5 Re6 22. d4 b5 23. Nc5 Re7 24. a4 Rae8 25. h4 h6 26. h5 Nf8 27. Re2 Nd7 28. Nxd7 Rxd7 29. axb5 axb5 30. Rde1 Rde7 31. Qf4 Qc7 32. Qf5 Qb6 33. e6 f6 34. Rd1 1/2-1/2